00905nam a22001937a 4500003000900000005001700009008004100026040002300067041000800090082001700098100006200115245011100177246008300288260003500371300004900406504005200455650014300507651006100650BDDh-ASL20231015025735.0201028s1997 b ||||| |||| 00| 0 b d aBDDh-ASLcBDDh-ASL aben a297.954bKHS1 aখান, মো. মাইমুল আহসান 10aসমকালীন মুসলিম বিশ্বঃ ইসলাম ও বাংলাদেশ / aContemporary Muslim World: Islam and Bangladesh by Dr. Md. Mainul Ahsan Khan.  aঢাকা : bIIRO,c1997.  a৩১৯ পৃ. :c২২ সে. মি.  aIncludes bibliographical references and index.  0aইসলাম ধর্ম , Isalāma dharma, Islam, Religion, Mohammedism, Mohammadan, Mohammedan, Muhammadan, Islamic Relition, Peace 0aবাংলাদেশ xইসলাম ধর্ম